| 000 | 01251nam a22002297a 4500 | ||
|---|---|---|---|
| 005 | 20180406125415.0 | ||
| 010 | _aHIN-98792 B-690286-287 | ||
| 020 |
_c200.00 _a9788188926176 |
||
| 035 | _aHN-71138 | ||
| 035 | _aB-690286-287 | ||
| 037 | _bDBAD / PUB | ||
| 037 | _bकृतिका बुक्स | ||
| 082 | _a920 | ||
| 100 | _aवर्मा,मनोहर | ||
| 245 |
_aअमर वीरांगना लक्ष्मीबाई / _cमनोहर वर्मा |
||
| 260 |
_bनवसाक्षर प्रकाशन _c2017 _aदिल्ली |
||
| 270 |
_bदिल्ली _a1/11437, सुभाष पार्क एक्स. गली न.2,नवीन शहादरा _e110032 _k |
||
| 300 | 1 |
_a104पृ. _c22सेमी (सजिल्द) |
|
| 500 | _aबलिदानी पुस्तक | ||
| 942 |
_adpl _cHN _2ddc _mवर्माम _h920 |
||
| 999 |
_c74558 _d74558 |
||